000 00621nam a2200253Ia 4500
005 20260121153844.0
008 008 260114s9999 xx 000 0 eng d
020 _a9781003018209
037 _aEBOOK
040 _aCRL
040 _beng
040 _cCRL
041 _2eng
041 _aeng
084 _qCRL
100 _aFlavia Gasbarri
_9999972
245 0 _aUS Foreign Policy and the End of the Cold War in Africa
260 _bTaylor and Francis
260 _c2020
856 _uhttp://www.taylorfrancis.com/books/9781003018209
942 _cEBOOK
999 _c1566793
_d1566793